सूचना का अधिकार / (Record no. 48507)

MARC details
000 -LEADER
fixed length control field 01080nam a22002537a 4500
005 - DATE AND TIME OF LATEST TRANSACTION
control field 20101028111547.0
008 - FIXED-LENGTH DATA ELEMENTS--GENERAL INFORMATION
fixed length control field 101028t xxu||||| |||| 00| 0 hin d
010 ## - LCCN (DPL NO)
LC control number HIN-90919
020 ## - INTERNATIONAL STANDARD BOOK NUMBER
Terms of availability 300.00
International Standard Book Number 9789380527062
035 ## - SYSTEM CONTROL NUMBER
System control number HN-63265
037 ## - SOURCE OF ACQUISITION
Source of stock number/acquisition DBAD / PUB
040 ## - CATALOGING SOURCE
Original cataloging agency DPL
Language of cataloging HN
082 ## - DEWEY DECIMAL CLASSIFICATION NUMBER
Classification number 323.445
100 ## - MAIN ENTRY--PERSONAL NAME
Personal name मनोज सिंह
9 (RLIN) 24013
245 ## - TITLE STATEMENT
Title सूचना का अधिकार /
Statement of responsibility, etc मनोज सिंह
246 ## - VARYING FORM OF TITLE
Title proper/short title Suchna ka adhikaar
Remainder of title by Manoj Singh
260 ## - PUBLICATION, DISTRIBUTION, ETC. (IMPRINT)
Place of publication, distribution, etc नई दिल्ली
Name of publisher, distributor, etc आकाशगंगा प्रकाशन
Date of publication, distribution, etc 2010
270 ## - ADDRESS
Address 4790-61(द्विवतीय तल) 23, अंसारी रोड, दरियागंज
City नई दिल्ली
Postal code 110002
300 ## - PHYSICAL DESCRIPTION
Extent 194पृ
Dimensions 22सेमी (सजिल्द)
650 ## - SUBJECT ADDED ENTRY--TOPICAL TERM
9 (RLIN) 1159
700 ## - ADDED ENTRY--PERSONAL NAME
9 (RLIN) 24014
942 ## - ADDED ENTRY ELEMENTS (KOHA)
Source of classification or shelving scheme Dewey Decimal Classification
Item type Hindi Books
Classification part 323.445
Call number suffix मनोज
Holdings
Withdrawn status Lost status Source of classification or shelving scheme Damaged status Not for loan Collection code Home library Current library Date acquired Source of acquisition Cost, normal purchase price Total Checkouts Full call number Barcode Date last seen Copy number Cost, replacement price Koha item type
    Dewey Decimal Classification   Not For Loan Non-fiction D.B.Act.Division D.B.Act.Division 28/10/2010 DBAD / PUB 300.00   323.445 मनोज HN-63265 28/10/2010 1 300.00 Hindi Books

© Delhi Public Library
Hit Counter
free hit counter